ბათუმის შოთა რუსთაველის სახელმწიფო უნივერსიტეტის ბიბლიოთეკა

აბაზური ფოლკლორი = Абазинский фольклор : [ქართ. და რუს. ენ.] / (ბიბ.ჩანაწერი № 41446)

000 -ლიდერი
ფიქსირებული სიგრძის საკონტროლო ველი 01435nam a2200253Ia 4500
001 - საკონტროლო ნომერი
საკონტროლო ველი 8110
003 - საკონტროლო ნომრის იდენტიფიკატორი
საკონტროლო ველი GE_BSU
005 - ბოლო ოპერაციის თარიღი და დრო
საკონტროლო ველი 20240311145127.0
008 - ფიქსირებული სიგრძის მონაცემთა ელემენტები - ზოგადი ინფორმაცია
ფიქსირებული სიგრძის საკონტროლო ველი 181216s2003||||ge |||||||||||||| ||geo||
020 ## - წიგნის საერთაშორისო სტანდარტული ნომერი
International Standard Book Number 9992871431
040 ## - კატალოგიზაციის წყარო
Transcribing agency GE_BSU
041 ## - ენის კოდი
Language code of text/sound track or separate title geo
080 ## - უნივერსალური ათობითი კლასიფიკაციის ინდექსი
Universal Decimal Classification number 821.351.42-91 ა - 12
245 ## - ცნობა სათაურის შესახებ
Title აბაზური ფოლკლორი = Абазинский фольклор : [ქართ. და რუს. ენ.] /
Statement of responsibility, etc შემდგ. ლია ჩლაიძე ; მთ. რედ. ნაირა გელაშვილი ; პწკარედული თარგმ. აბაზური ენიდან ქართ-დ თეიმურაზ გვანცელაძის, რუსულად ვლადიმერ ტუგოვისა]. დ
264 ## - წარმოების, გამოცემის, დისტრიბუციის და სხვა ცნობები
გამოცემის, წარმოების, დისტრიბუციის... ადგილი თბილისი :
გამოცემის, წარმოების, დისტრიბუციის... სახელწოდება კავკასიური სახლი,
გამოცემის, წარმოების, დისტრიბუციის... თარიღი 2003.
300 ## - ფიზიკური აღწერა
Extent 118 გვ. ;
Dimensions 19 სმ.
490 ## - სერიის ცნობა
Series statement კავკასიის ხალხთა ფოლკლორი
653 ## - INDEX TERM--UNCONTROLLED
Uncontrolled term აბაზური ფოლკლორი
700 ## - ADDED ENTRY--PERSONAL NAME
Personal name ჩლაიძე, ლია
Relator term შემდგენელი
9 (RLIN) 21376
700 ## - ADDED ENTRY--PERSONAL NAME
Personal name გელაშვილი, ნაირა
Relator term მთ. რედაქტორი
9 (RLIN) 817
700 ## - ADDED ENTRY--PERSONAL NAME
Personal name გვანცელაძე, თეიმურაზ
Relator term მთარგმნელი
9 (RLIN) 291
942 ## - ADDED ENTRY ELEMENTS (KOHA)
Koha item type წიგნი
Source of classification or shelving scheme
ეგზემპლარები
ჩამოწერის სტატუსი დაკარგული ეგზემპლარის სტატუსი კლასიფიკაციის წყარო ან თაროზე გაწყობის სქემა დაზიანების სტატუსი არ გაიცემა მუდმივი მდებარეობა (დაცვის ადგილი) ამჟამინდელი ადგილსამყოფელი შეძენის თარიღი ღირებულება, შესყიდვის ნორმალური ფასი სრული შენახვის შიფრი შტრიხკოდი ბოლო ოპერაციის თარიღი ეგზემპლარის მიმდევრობითი ნომერი (კეტერი?) ფასის ძალაში შესვლის თარიღი ეგზემპლარის სახეობა საჯარო შენიშვნა თაროზე განთავსების ადგილი
          ბათუმის შოთა რუსთაველის სახელმწიფო უნივერსიტეტის მთავარი ბიბლიოთეკა ბათუმის შოთა რუსთაველის სახელმწიფო უნივერსიტეტის მთავარი ბიბლიოთეკა 2018-12-17 7.00 821.351.42-91 ა - 12 26299 2018-12-17 26299 2018-12-17 წიგნი 7.00 ₾.  
          ბათუმის შოთა რუსთაველის სახელმწიფო უნივერსიტეტის მთავარი ბიბლიოთეკა ბათუმის შოთა რუსთაველის სახელმწიფო უნივერსიტეტის მთავარი ბიბლიოთეკა 2018-12-17 7.00 821.351.42-91 ა - 12 26298 2018-12-17 26298 2018-12-17 წიგნი 7.00 ₾. წიგნსაცავი